| 000 | 00955nam a22003017a 4500 | ||
|---|---|---|---|
| 001 | 6762 | ||
| 003 | FISKH | ||
| 005 | 20250801143027.0 | ||
| 008 | 250526b cb ||||| |||| 00| 0 eng d | ||
| 020 | _a0590411101 | ||
| 040 |
_aFISKH _beng _cFISKH _dFISKH |
||
| 050 | _aPZ8.K3 P | ||
| 082 | _a398.2209764 | ||
| 100 |
_aKellogg, Steven _d(1941-) |
||
| 245 |
_aPecos bill / _cA tall Tale Retold and Illustrated by Steven Kellogg |
||
| 250 | _aThis edition first published in 1987 | ||
| 260 |
_aNew York : _bScholastic, _c1986 |
||
| 300 |
_a38 unnumbered pages : _bcolor illustrations ; _c28 cm |
||
| 505 | _aP | ||
| 520 | _aIncidents from the life of Pecos Bill, from his childhood among the coyotes to his unusual wedding day. | ||
| 521 | 8 |
_a650
_bLexile |
|
| 521 | 8 |
_aP
_bRaz-Plus |
|
| 650 |
_2Folktales _aPicture book |
||
| 650 |
_2Cowboys _aLegends |
||
| 700 |
_aKellogg, Steven _dillustrator |
||
| 942 |
_2ddc _cBK _n0 |
||
| 999 |
_c6762 _d6762 |
||